123_ Personnalités nées un 3 mai par images - Statistiques

Statistiques générales
  • Ce quiz a été pris 37 fois
  • Le résultat moyen est 3 sur 9
Statistiques - réponses
Par images Hint Réponse % Correct
Politicien Jean Lassalle
92%
Chanteur Eddy de Pretto
86%
Vidéaste Anyme
84%
Écrivain Nicolas Machiavel
27%
Skieur Clément Noël
19%
Politicien Emmanuel-Joseph Siéyès
5%
Braqueur Emmett Dalton
3%
Actrice Amy Ryan
0%
Gymnaste Věra Čáslavská
0%
Aucun quiz correspondant
Distribution des résultats
% des personnes avec chaque résultat
Percentile par nombre de réponses
Votre historique - résultats
Vous n’avez pas pris ce quiz